00497nam a2200181Ia 4500003000400000005001700004008004100021040000700062041001200069082001700081100002500098245007700123260005400200300001200254365001000266650001900276650002000295OSt20230224102956.0210719s1997 xx 000 0 und d cAL aKonkani a891.461 KASV aKASTELIN (Alban), Ed aVoviyo ani versebವೊವಿಯೊ ಆನಿ ವೆರ್ಸ್  aManglur.bKonkani Samstho, Sa Luvis Kolej.,c1997 a103bPB b8cRs aKonkani Poetry aCastalino Alban